Statistics for Importing Partners Trading with the Most Countries

Click here to take the quiz!

General Stats

  • This quiz has been taken 223 times
  • The average score is 13 of 16

Answer Stats

#CountriesCountry% Correct
38United States, Japan, 36 othersChina
100%
32Canada, Mexico, 30 othersUnited States
100%
18UK, France, 16 othersGermany
96%
8Algeria, Niger, Benin, 5 othersFrance
95%
4Dominica, Panama, 2 othersJapan
94%
11Turkey, Ukraine, 9 othersRussia
92%
6Nepal, Sri Lanka, 4 othersIndia
89%
7Croatia, Slovenia, 5 othersItaly
89%
6Fiji, Kiribati, 4 othersAustralia
86%
3China, Liberia, C.A.RSouth Korea
86%
4Andorra, Portugal, 2 othersSpain
86%
5Bahrain, Ethiopia, 3 othersSaudi Arabia
73%
8Botswana, Mozambique, 6 othersSouth Africa
69%
3Bangladesh, Cambodia, LaosThailand
62%
3Brunei, Maldives, St. VincentSingapore
60%
4Angola, Cape Verde, 2 othersPortugal
38%

Score Distribution

Percentile by Number Answered

Percent of People with Each Score

Your Score History

You have not taken this quiz